000 00854nac a22002417a 4500
001 BR8108445
003 BR-BrBNA
005 20240105115149.0
008 230509b bl.|||m| |||| 00| 0 por d
040 _aBR-BrBNA
_bpor
_cBiblioteca Nacional de Agricultura
072 _aE00; E70
090 _aE00 BR8108445
110 1 _aMinisterio das Relacoes Exteriores, Brasilia, DF (Brasil). Depto. Economico
_97088
245 1 _aResenha. Reservado no. 32 Marco 1981 [economia, politica comercial, comercio exterior, Brasil]
260 3 _aBrasilia, DF (Brasil):
_c1981.
300 _a49 p.
490 _aResenha Mensal - Ministerio das Relacoes Exteriores. Depto. Economico (Brazil)
_v
_x
650 _aECONOMIA
650 _aPOLITICA COMERCIAL
650 _aCOMERCIO EXTERIOR
909 _a202312
_bLúcia Elande
_c55
_dLúcia Elande
942 _2AGRIS
_n0
_cMS
999 _c273407
_d273407